Le particelle elementari /

Đã lưu trong:
Chi tiết về thư mục
Tác giả chính: Todsharow, Martin (Nhà soạn nhạc)
Tác giả khác: Koschnick, Carl Friedrich (Nhiếp ảnh gia), Gedeck, Martina (Diễn viên), Potente, Franka (Diễn viên), Hoss, Nina (Diễn viên), Roehler, Oskar (Giám đốc), Ulmen, Christian (Diễn viên), Bleibtreu, Moritz (Diễn viên)
Định dạng: Luận văn Slide
Ngôn ngữ:Tiếng Italy
Tiếng Đức
Được phát hành: [Campi Bisenzio] : Luckyred Homevideo, 2006
Các nhãn: Thêm thẻ
Không có thẻ, Là người đầu tiên thẻ bản ghi này!

MARC

LEADER 00000ngm a22000007i 4500
001 IT\ICCU\UBO\3085389
003 ItRI
005 20260124182813.0
008 061109s2006 it |||||||||||||||k|||||c
024 3 1 |a 8022469065255 
024 3 1 |a 8057092350867 
028 4 2 |a AK2SF06525 
028 4 2 |a PSV35086 
040 |b ita 
041 7 |a ita  |a ger  |2 ISO-639-2 
082 |a 791.43  |9 CINEMA  |2 19 
130 0 |a Elementarteilchen <film ; 2006>  |3 IT\ICCU\LO1\1090286 
245 0 3 |a Le particelle elementari /  |c un film di Oskar Roehler ; musica Martin Todsharow ; fotografia Carl-Friedrich Koschnick ; costumi Esther Walz ; tratto dal romanzo omonimo di Michel Houellebecq. 
260 |a [Campi Bisenzio] :  |b Luckyred Homevideo,  |c 2006 
300 |a 1 DVD-video (circa 108 min.) :  |b color., sonoro ;  |c 12 cm 
500 |a Caratteristiche tecniche: codice area 2; PAL; 1.85:1 anamorfico 16/9; Dolby digital 5.1 
500 |a Lingue: italiano, tedesco; sottotitoli: italiano e italiano n/u 
500 |a Titolo del contenitore 
500 |a Produzione cinematografica: Germania, 2006 
500 |a DVD9 
500 |a Orso d'argento Festival di Berlino premio miglior attore protagonista 
500 |a Vietato ai minori di 14 anni. 
502 |a Contenuti extra: Michel over nous, il caso Houellebecq (documentario di Stefano Bedetti e Marco Saracco), trailer italiano, trailer originale, cast e filmografie, galleria fotografica 
511 |a Interpreti: Moritz Bleibtreu, Christian Ulmen, Martina Gedeck, Franka Potente, Nina Hoss 
700 1 |a Koschnick, Carl Friedrich  |0 IT\ICCU\DDSV\260515  |4 pht 
700 1 |a Gedeck, Martina  |0 IT\ICCU\MODV\265286  |4 act 
700 1 |a Houellebecq, Michel  |0 IT\ICCU\PUVV\138652  |4 ant 
700 1 |a Potente, Franka  |0 IT\ICCU\RAVV\220867  |4 act 
700 1 |a Hoss, Nina  |0 IT\ICCU\TSAV\587500  |4 act 
700 1 |a Roehler, Oskar  |0 IT\ICCU\UBOV\056838  |4 drt 
700 1 |a Ulmen, Christian  |0 IT\ICCU\UBOV\056839  |4 act 
700 1 |a Todsharow, Martin  |0 IT\ICCU\UBOV\879026  |4 cmp 
700 1 |a Bleibtreu, Moritz  |0 IT\ICCU\UBOV\985727  |4 act 
790 1 |a Koschnick, Charly F.  |3 IT\ICCU\LO1V\481511  |z Koschnick, Carl Friedrich 
790 1 |a Gedeck, Martina Friederike  |3 IT\ICCU\DDSV\370285  |z Gedeck, Martina 
790 1 |a Thomas, Michel,  |d  (1958- )  |3 IT\ICCU\SBNV\030175  |z Houellebecq, Michel 
942 |2 ddc  |c VM  |n 0 
952 |0 0  |1 0  |4 0  |6 VO_1446_000000000000000  |7 0  |9 26548  |a BO  |b BO  |d 2026-01-24  |i 11290  |l 0  |o VO 1446  |p BO11290  |r 2026-01-24 18:28:13  |w 2026-01-24  |x [Sebina 5] [1 dvd]  |y VM  |z 1 dvd 
999 |c 22450  |d 22450